Το Λέξικο της Πληροφορικής / Τρίτη Αμερικάνικη Έκδοση (Record no. 4421)
[ view plain ]
| 000 -LEADER | |
|---|---|
| fixed length control field | 01178cam a22002054a 4500 |
| 005 - ΗΜΕΡΟΜΗΝΙΑ ΚΑΙ ΩΡΑ ΤΕΛΕΥΤΑΙΑΣ ΕΝΗΜΕΡΩΣΗΣ | |
| Πεδίο ελέγχου | 20250605163432.0 |
| 008 - FIXED-LENGTH DATA ELEMENTS--GENERAL INFORMATION | |
| Πεδίο ελέγχου σταθερού μήκους | 250528s ||||||||||||||||||||||||d |
| 035 ## - SYSTEM CONTROL NUMBER | |
| System control number | 19143 |
| 020 ## - ISBN | |
| ISBN | 9603321257 |
| 040 ## - ΠΗΓΗ ΚΑΤΑΛΟΓΟΓΡΑΦΗΣΗΣ | |
| Φορέας πρωτότυπης καταλογογράφησης | MC Athens Campus Library |
| Γλώσσα καταλογογράφησης | Ελληνικά, Μοντέρνα (1453-) |
| Modifying agency | MC Athens Campus Library |
| Κανόνες περιγραφικής καταλογογράφησης | AACR2 |
| 245 1# - ΤΙΤΛΟΣ ΚΑΙ ΔΗΛΩΣΗ ΥΠΕΥΘΥΝΟΤΗΤΑΣ | |
| Τίτλος | Το Λέξικο της Πληροφορικής / Τρίτη Αμερικάνικη Έκδοση |
| 250 ## - EDITION STATEMENT | |
| Edition statement | 3η |
| 260 ## - PUBLICATION, DISTRIBUTION, ETC. | |
| Name of publisher, distributor, etc. | Microsoftpress, |
| Date of publication, distribution, etc. | 1997 |
| 300 ## - PHYSICAL DESCRIPTION | |
| Extent | 930 |
| 520 ## - SUMMARY, ETC. | |
| Summary, etc. | Περισσότεροι από 23.000 νέοι όροι και ορισμοί, 345 εικόνες και σχήματα, Εκτεταμένη κάλυψη του Internet και του Ιστού (Web). Εισαγωγή, Λεξικό Ορών Πληροφορικής, Σύνολο Χαρακτήρων ASCII, Επεκτεταμένο Σύνολο Χαρακτήρων IBM, Επεκτεταμένο Σύνολο Χαρακτήρων Apple Macintosh, Επεκτεταμένο Σύνολο Χαρακτήρων EBCDIC, Αριθμητικές Αδυναμίες, Γλωσσάρι Ελληνοαγγλικό, Γλωσσάρι Αγγλοελληνικό. |
| 942 ## - ADDED ENTRY ELEMENTS (KOHA) | |
| Koha item type | Books |
| Τύπος τεκμηρίου | Βιβλιοθήκη | Τρέχουσα τοποθεσία | Barcode | Αριθμός εισαγωγής | Ημερομηνία απόκτησης | Ταξιθετικό σύμβολο | Αριθμός αντιτύπου | Κατάσταση απόσυρσης | Κατάσταση χαμένου | Κατάσταση κατεστραμμένου | Μη δανεισμός | Σύνολο δανεισμών | Ημερομηνία τελευταίας εμφάνισης | Η τιμή ισχύει από |
|---|---|---|---|---|---|---|---|---|---|---|---|---|---|---|
| Books | MC Athens Campus Library | MC Athens Campus Library | 9780000044204 | 5103 | 05/06/2025 | REF 004 MIC | 1 | 05/06/2025 | 05/06/2025 |